U.S. Military Expenditure and the Dollar

Guardado en:
Detalles Bibliográficos
Autor principal: Grilli, Vittorio U.
Otros Autores: Beltratti, Andrea
Formato: Libro
Lenguaje:inglés
Publicado: New Haven Yale University 1990
Edición:1. ed.
Colección:Center Paper No.426
Etiquetas: Agregar Etiqueta
Sin Etiquetas, Sea el primero en etiquetar este registro!

MARC

LEADER 00000nam a2200000 4500
001 c038121
005 20221215114554.3
041 0 |a eng 
044 |a US 
245 1 0 |a U.S. Military Expenditure and the Dollar  |c Vittorio U. Grilli, Andrea Beltratti 
250 |a 1. ed. 
264 1 |a New Haven  |b Yale University  |c 1990 
300 |a S.737-744 
490 1 |a Center Paper  |v No.426 
830 0 |a Center Paper  |v No.426 
100 1 |a Grilli, Vittorio U. 
700 1 |a Beltratti, Andrea